00562nam a22001457a 4500003000400000005001700004008004100021040001400062100005100076245011700127260000900244300003000253500010700283504002600390OSt20171010095505.0120730t xxu||||| |||| 00| 0 eng d aMMSUcULS aEnriquez, Paul Vincent C., Gumaman, Deomar M.  aAn E-Faculty workload system of the Mariano Marcos State UniversitycPaul Vincent C. Enriquez, Deomar M. Gumaman c2008 axi, [107] leaves c28 cm. aThesis (BS Computer Science) -- Mariano Marcos State University-College of Arts & Sciences, Batac City aBibliography: leaf 47